Thực hành hóa học đại cương
Với 12 bài thí nghiệm, cuốn sách đã đề cập đến nhiều trọng điểm của môn HHĐC
Gardado en:
| Autor Principal: | |
|---|---|
| Formato: | Libro |
| Idioma: | Undetermined |
| Publicado: |
Tp. HCM
KHKT
2000
|
| Những chủ đề: | |
| Các nhãn: |
Engadir etiqueta
Sen Etiquetas, Sexa o primeiro en etiquetar este rexistro!
|
| Thư viện lưu trữ: | Trung tâm Học liệu Trường Đại học Cần Thơ |
|---|
| LEADER | 00681nam a2200205Ia 4500 | ||
|---|---|---|---|
| 001 | CTU_37074 | ||
| 008 | 210402s9999 xx 000 0 und d | ||
| 082 | |a 540 | ||
| 082 | |b Ch513t | ||
| 100 | |a Nguyễn Đức Chung | ||
| 245 | 0 | |a Thực hành hóa học đại cương | |
| 245 | 0 | |c Nguyễn Đức Chung | |
| 260 | |a Tp. HCM | ||
| 260 | |b KHKT | ||
| 260 | |c 2000 | ||
| 520 | |a Với 12 bài thí nghiệm, cuốn sách đã đề cập đến nhiều trọng điểm của môn HHĐC | ||
| 526 | |a Thực tập hóa cơ sở | ||
| 526 | |b SG259 | ||
| 650 | |a chemistry | ||
| 980 | |a Trung tâm Học liệu Trường Đại học Cần Thơ | ||